{"text_format":"3","workbook":"xls","n_sheets":1,"sheets":["日报表"],"read":"whole","date_system":"1900","formulas":"cached_only"}

{"sheet":"日报表","index":0,"n_rows":24,"n_cols":13,"rows_kept":24,"merged":[[0,2,0,11],[1,2,1,11],[2,2,2,11],[18,2,18,11],[19,2,19,11],[20,2,20,11]],"flags":["formulas_cached_only"]}
[null,null,"五金收料统计日报表"]
[null,null,"日期： 2019    年    4  月  23  日                             填表人： 梅瑞雪"]
[null,null,"单位：大力神管桩有限公司"]
[null,"入库单号","品名","规格","数量","单位","单价","金额","供应商名称","联系方式","采购员","检验员","备注"]
[null,"WIN0050245","铜芯电缆","3*1.5",100,"米",3.3,330,"邳州市电料总汇",null,"刘江山","刘飞","山东远通电缆"]
[null,null,"铜芯电缆","3*2.5+1",100,"米",5.9,590,null,null,"刘江山","刘飞","山东远通电缆"]
[null,null,"电缆线","2*1.5",100,"米",2.2,220,null,null,"刘江山","刘飞","山东远通电缆"]
[null,"WIN0050246","感应器",null,1,"个",3000,3000,"杭州通士科感应加热设备有限公司",15858147277,"刘江山","李勇","钢棒生产线使用"]
[null,"WIN0050247","头灯",null,2,"个",20,40,"现金（邳州石荣海建材五金）",null,"刘江山","马娇梅","方邦"]
[null,null,"五孔插座",null,20,"个",2,40,null,null,"刘江山","马娇梅","奥利浦"]
[null,null,"防盗锁",null,2,"个",25,50,null,null,"刘江山","马娇梅","奥马"]
[null,null,"老虎钳",null,2,"把",10,20,null,null,"刘江山","梅瑞雪","冠克"]
[null,null,"墨水",null,210,"盒",1.166666,245,null,null,"刘江山","马娇梅","中华，30瓶/箱"]
[null,"WIN0050248","管卡","Φ50",30,"个",0.8,24,"现金（邳州石荣海建材五金）",null,"刘江山","马娇梅","管箍40-64"]
[null,"WIN0050249","内六角螺丝","16*130",100,"个",2.54,254,"现金供应商（邳州市中兴物资经营部）",null,"刘江山","胡赛廷","8.8级大力牌"]
[null,null,"内六角螺丝","M16*150",100,"个",3.04,304,null,null,"刘江山","胡赛廷","8.8级大力牌"]
[null,"WIN0050250","喷头",null,20,"个",7.8,156,"现金供应商（邳州德尔五金批零商行）",13805222980,"刘江山","陆永刚","喷雾小咀"]
[null,"WIN0050251","洗洁精",null,2,"瓶",75,150,"现金供应商（邳州丽源洗化部）",null,"刘江山","王苏涛","立强牌20L/桶"]
[null,null,"五金收料统计日报表"]
[null,null,"日期： 2019    年    4  月  24  日                             填表人： 梅瑞雪"]
[null,null,"单位：大力神管桩有限公司"]
[null,"入库单号","品名","规格","数量","单位","单价","金额","供应商名称","联系方式","采购员","检验员","备注"]
[null,"WIN0050257","弯头（PVC)","φ160 90°",1,"个",10,10,"现金（日丰管业）",15298220573,"刘江山","陈亚飞"]
[null,null,"直接（PVC)","φ160 90°",1,"个",5,5]